| 000 | 00527nam a2200193 a 4500 | ||
|---|---|---|---|
| 001 | 937 | ||
| 003 | CDMR | ||
| 005 | 20131129110505.0 | ||
| 008 | 130130s1962||||||||||||||||||||||||||||d | ||
| 040 |
_aCDMR _bcat _cCDMR |
||
| 100 | 1 |
_aMorin, Edgar _9542 |
|
| 245 | 1 | 3 |
_aEl espíritu del tiempo _b: ensayo sobre la cultura de masas _cEdgar Morin |
| 260 |
_aMadrid _c1962 _bTaurus |
||
| 300 | _a246 p. | ||
| 490 | 0 |
_aEnsayistas de Hoy _v43 |
|
| 650 | 0 | 4 |
_93478 _aCultura de massa |
| 650 | 0 | 4 |
_94171 _aIndústries culturals |
| 942 |
_cMON _2udc |
||
| 999 |
_c937 _d937 |
||